Japan ideabook : designs from kimono motifs : graphic, floral, geometric /

Bibliographic Details
Other Authors: Hageney, Wolfgang
Format: Book
Language:English
Published: Rome, Italy : Edition Belvedere ; [1987]
Series:Belvedere Designbook ; v. 25
Subjects:

MARC

Tag First Indicator Second Indicator Subfields
LEADER 00000cam a2200000 a 4500
001 in00000012374
005 20151007051821.0
008 871208s1987 it a 00010 eng d
020 |a 8870700755 
035 |a (OCoLC)17205860 
035 |9 AAA4937AM 
040 |a CSF  |c CSF  |d TXA  |d UtOrBLW 
049 |a TXAM  |c [A12640245] 
050 4 |a GT1560  |b .J36 1987 
245 0 0 |a Japan ideabook :  |b designs from kimono motifs : graphic, floral, geometric /  |c arranged & edited by Wolfgang Hageney. 
264 1 |a Rome, Italy :  |b Edition Belvedere ;  |c [1987] 
264 2 |a New York, N.Y. :  |b [distributed by] Robert Silver Ass, 
264 4 |c ©1987 
300 |a xvi, 95 pages :  |b chiefly illustrations ;  |c 32 cm. 
336 |a text  |b txt  |2 rdacontent 
337 |a unmediated  |b n  |2 rdamedia 
338 |a volume  |b nc  |2 rdacarrier 
490 0 |a Belvedere Designbook ;  |v v. 25 
650 0 |a Costume  |z Japan. 
650 0 |a Kimonos  |z Japan. 
650 0 |a Textile design  |z Japan. 
700 1 |a Hageney, Wolfgang. 
999 |a MARS 
999 f f |s 560e31db-e889-33a7-9da7-7af0f1e2becc  |i e7227626-3e8a-33c9-943f-49bd23fbc9b6  |t 0 
952 f f |p ric  |a Texas A&M University  |b Rellis Campus  |c Joint Library Facility  |d Remote Storage  |t 0  |e GT1560 .J36 1987  |h Library of Congress classification  |i unmediated -- volume  |m A14812640245 
998 f f |a GT1560 .J36 1987  |t 0  |l Remote Storage